000 nam a22 a 4500
999 _c4349
_d4349
003 AKMAL
005 20170529095709.0
008 170529t1999 cc e 001 0 eng d
020 _a0717285626 (hbk.)
040 _aAKMAL
082 0 4 _a658.456 APP
_222
090 0 0 _a658.456
_bAPP
100 1 _aAppleby, Pauline
_98475
245 1 0 _aOrganising a conference :
_b how to plan and run an outstanding and effective event /
_c[Pauline Appleby.]
250 _aDeluxe Ed.
260 _aHong Kong :
_bGrolier Intl.Inc.,
_cc1999
300 _a124p. ;
_c24cm.
490 1 _aGrolier business library
504 _aIncludes bibliographical references and index
650 1 0 _aCongresses and conventions
_xManagement
_98476
830 0 _aGrolier business library
_98353
942 _2ddc
_cBOOK
950 _lAKMAL